MARC details
| 000 -LEADER |
| fixed length control field |
01042cam a2200289Ia 4500 |
| 001 - CONTROL NUMBER |
| control field |
childrensbookofq00addi |
| 003 - CONTROL NUMBER IDENTIFIER |
| control field |
CaSfIA |
| 005 - DATE AND TIME OF LATEST TRANSACTION |
| control field |
20230525155034.0 |
| 007 - PHYSICAL DESCRIPTION FIXED FIELD--GENERAL INFORMATION |
| fixed length control field |
cr|||| |
| 008 - FIXED-LENGTH DATA ELEMENTS--GENERAL INFORMATION |
| fixed length control field |
841121t19841974enka 001 0 eng d |
| 040 ## - CATALOGING SOURCE |
| Original cataloging agency |
MCY |
| Transcribing agency |
MCY |
| Modifying agency |
GE7 |
| -- |
CaSfIA |
| 020 ## - INTERNATIONAL STANDARD BOOK NUMBER |
| International Standard Book Number |
0706406206 |
| 020 ## - INTERNATIONAL STANDARD BOOK NUMBER |
| International Standard Book Number |
9780706406207 |
| 035 ## - SYSTEM CONTROL NUMBER |
| System control number |
(OCoLC)11411963 |
| 050 14 - LIBRARY OF CONGRESS CALL NUMBER |
| Classification number |
AG5 |
| Item number |
.C55 1984 |
| 092 ## - LOCALLY ASSIGNED DEWEY CALL NUMBER (OCLC) |
| Classification number |
031 |
| Item number |
C437 |
| 245 04 - TITLE STATEMENT |
| Title |
The children's book of questions & answers / |
| Medium |
[electronic resource] |
| Statement of responsibility, etc. |
edited by Anthony Addison. |
| 260 ## - PUBLICATION, DISTRIBUTION, ETC. |
| Place of publication, distribution, etc. |
London : |
| Name of publisher, distributor, etc. |
Octopus, |
| Date of publication, distribution, etc. |
1984, c1974. |
| 300 ## - PHYSICAL DESCRIPTION |
| Extent |
480 p. : |
| Other physical details |
ill. (some col.) ; |
| Dimensions |
29 cm. |
| 500 ## - GENERAL NOTE |
| General note |
Includes index. |
| 650 #0 - SUBJECT ADDED ENTRY--TOPICAL TERM |
| Topical term or geographic name entry element |
Children's encyclopedias and dictionaries. |
| 650 #1 - SUBJECT ADDED ENTRY--TOPICAL TERM |
| Topical term or geographic name entry element |
Encyclopedias and dictionaries. |
| 650 #1 - SUBJECT ADDED ENTRY--TOPICAL TERM |
| Topical term or geographic name entry element |
Questions and answers. |
| 700 1# - ADDED ENTRY--PERSONAL NAME |
| Personal name |
Addison, Anthony. |
| 856 41 - ELECTRONIC LOCATION AND ACCESS |
| Uniform Resource Identifier |
<a href="http://www.archive.org/details/childrensbookofq00addi">http://www.archive.org/details/childrensbookofq00addi</a> |
| Public note |
Free eBook from the Internet Archive |
| 856 42 - ELECTRONIC LOCATION AND ACCESS |
| Uniform Resource Identifier |
<a href="http://www.openlibrary.org/books/OL24279937M">http://www.openlibrary.org/books/OL24279937M</a> |
| Public note |
Additional information and access via Open Library |